[Event "Baptista Christmas op-A"]
[Site "Budapest"]
[Date "2015.12.21"]
[Round "6"]
[White "Reicheld, Szilard"]
[Black "Gaspar, Zoltan"]
[Result "1-0"]
[WhiteElo "1280"]
[BlackElo "2061"]
[PlyCount "43"]
[EventDate "2015.12.19"]
[EventType "swiss"]
[EventRounds "6"]
[EventCountry "HUN"]
[SourceTitle "EXT 2025"]
[Source "ChessBase"]
[SourceDate "2024.10.14"]
[SourceVersion "1"]
[SourceVersionDate "2024.10.14"]
[SourceQuality "1"]

1. e4 e5 2. Nf3 Nc6 3. d4 exd4 4. Bc4 Nf6 5. 0-0 Be7 6. Ng5 0-0 7. f4 d6 8. Qe2 Na5 9. Bd3 h6 10. Nf3 c5 11. e5 Nd5 12. Qe4 f5 13. Qxd5+ Kh8 14. Nfd2 dxe5 15. Qxd8 Bxd8 16. fxe5 Be6 17. Na3 Nc6 18. Nac4 b5 19. Nd6 c4 20. Bxf5 Bg5 21. N2e4 Nxe5 22. Bxe6 1-0

[Event "Marianske Lazne op"]
[Site "Marianske Lazne"]
[Date "2010.01.22"]
[Round "8"]
[White "Endler, Boris"]
[Black "Gaspar, Zoltan"]
[Result "1-0"]
[WhiteElo "1898"]
[BlackElo "2199"]
[PlyCount "67"]
[EventDate "2010.01.16"]
[EventType "swiss"]
[EventRounds "9"]
[EventCountry "CZE"]
[SourceTitle "CBM 134 Extra"]
[Source "ChessBase"]
[SourceDate "2010.03.03"]
[SourceVersion "1"]
[SourceVersionDate "2010.03.03"]
[SourceQuality "1"]

1. e4 c6 2. d4 d5 3. Nc3 dxe4 4. Nxe4 Nd7 5. Nf3 Ngf6 6. Nxf6+ Nxf6 7. Bc4 e6 8. Bg5 Be7 9. 0-0 Nd5 10. Bxe7 Qxe7 11. c3 0-0 12. Re1 b5 13. Bb3 Bb7 14. Ne5 Rad8 15. Nd3 Qf6 16. Nc5 Bc8 17. a3 Rfe8 18. Re5 Nb6 19. Qe2 a6 20. Re1 Rd6 21. Ne4 Qd8 22. Nxd6 Qxd6 23. Qf3 Nd7 24. R5e3 a5 25. d5 cxd5 26. Bxd5 Re7 27. Bc6 Ba6 28. Rd1 Qc7 29. Bxd7 Rxd7 30. Qa8+ Bc8 31. Rxd7 Qxd7 32. Rd3 Qe8 33. Qc6 Kf8 34. Qc7 1-0

[Event "HUN-chT2 Charousek 0001"]
[Site "Hungary"]
[Date "2000.11.26"]
[Round "1"]
[White "Cseh, Andor"]
[Black "Gaspar, Zoltan"]
[Result "1/2-1/2"]
[WhiteElo "2275"]
[BlackElo "2218"]
[PlyCount "56"]
[EventDate "2000.11.26"]
[EventType "team"]
[EventRounds "11"]
[EventCountry "HUN"]
[SourceTitle "EXT 2007"]
[Source "ChessBase"]
[SourceDate "2006.11.23"]
[SourceVersion "1"]
[SourceVersionDate "2006.11.23"]
[SourceQuality "1"]
[WhiteTeam "Szazhalombatta"]
[BlackTeam "Husi"]
[WhiteTeamCountry "HUN"]
[BlackTeamCountry "HUN"]

1. e4 e5 2. Nf3 Nc6 3. Bb5 f5 4. d3 Nf6 5. 0-0 Bc5 6. c3 0-0 7. d4 fxe4 8. Nxe5 Bb6 9. Qb3+ d5 10. Bxc6 bxc6 11. Nxc6 Qd6 12. Ne5 Ba6 13. Re1 Rae8 14. Qa3 Bc8 15. Qxd6 cxd6 16. Nc6 a5 17. b4 Bd7 18. bxa5 Bc7 19. Nb4 Bxa5 20. h3 Rb8 21. a3 Rfc8 22. Bb2 Be6 23. Nd2 Kf7 24. Nf1 Nd7 25. Ne3 Nb6 26. Rac1 Na4 27. Ba1 Rb5 28. Kh2 Nb6 1/2-1/2

[Event "HUN-chT2 9900"]
[Site "Hungary"]
[Date "2000.03.26"]
[Round "10"]
[White "Rudolf, Anna"]
[Black "Gaspar, Zoltan"]
[Result "1-0"]
[WhiteElo "2087"]
[BlackElo "2229"]
[PlyCount "109"]
[EventDate "1999.09.26"]
[EventType "team-tourn"]
[EventRounds "11"]
[EventCountry "HUN"]
[SourceTitle "EXT 2002"]
[Source "ChessBase"]
[SourceDate "2001.11.25"]
[SourceVersion "1"]
[SourceVersionDate "2001.11.25"]
[SourceQuality "1"]

1. e4 c5 2. c3 d5 3. exd5 Qxd5 4. d4 e5 5. Be3 Nc6 6. dxc5 Qxd1+ 7. Kxd1 Nf6 8. b4 Bf5 9. Kc1 Ng4 10. Bb5 0-0-0 11. Nf3 Ne7 12. h3 Nxe3 13. fxe3 f6 14. Re1 Bd3 15. Bxd3 Rxd3 16. Kc2 e4 17. Nbd2 Nd5 18. Nxe4 Rxe3 19. Nd4 g6 20. Nb5 Bg7 21. Ned6+ Kd7 22. Nxb7 a6 23. Nd4 Rxc3+ 24. Kd2 Bh6+ 25. Ke2 Be3 26. Rad1 Rc4 27. c6+ Ke7 28. Nf5+ gxf5 29. Rxd5 f4 30. Rd7+ Ke6 31. Nc5+ Kf5 32. c7 Rc8 33. Kd3 Rxb4 34. Nxa6 Rb2 35. Kc3 Rxa2 36. Rd8 Bd2+ 37. Kb3 Rxa6 38. Rxc8 Bxe1 39. Rb8 Rc6 40. c8Q+ Rxc8 41. Rxc8 h6 42. Rh8 Kg6 43. Rg8+ Kf5 44. Kc2 Bh4 45. Kd3 Bg5 46. Re8 f3 47. g3 Bc1 48. Re1 Bg5 49. h4 Kg4 50. hxg5 fxg5 51. Ke3 Kxg3 52. Rg1+ Kh2 53. Rg4 Kh3 54. Kxf3 Kh2 55. Rg3 1-0

[Event "HUN-chT2 9900"]
[Site "Hungary"]
[Date "2000.01.23"]
[Round "6"]
[White "Gaspar, Zoltan"]
[Black "Paksa, Rudolf"]
[Result "1/2-1/2"]
[WhiteElo "2229"]
[BlackElo "2227"]
[PlyCount "20"]
[EventDate "1999.09.26"]
[EventType "team-tourn"]
[EventRounds "11"]
[EventCountry "HUN"]
[SourceTitle "EXT 2002"]
[Source "ChessBase"]
[SourceDate "2001.11.25"]
[SourceVersion "1"]
[SourceVersionDate "2001.11.25"]
[SourceQuality "1"]

1. d4 Nf6 2. Bg5 d5 3. e3 c5 4. c3 Nc6 5. Bd3 e5 6. Bxf6 gxf6 7. dxe5 c4 8. Be2 fxe5 9. e4 Be6 10. Nd2 Bc5 1/2-1/2

[Event "HUN-chT2 9899"]
[Site "Hungary"]
[Date "1999.??.??"]
[Round "?"]
[White "Gaspar, Zoltan"]
[Black "Frank, Jozsef"]
[Result "1-0"]
[WhiteElo "2205"]
[BlackElo "2165"]
[PlyCount "111"]
[EventDate "1998.??.??"]
[EventType "team-tourn"]
[EventRounds "12"]
[EventCountry "HUN"]
[SourceTitle "EXT 2000"]
[Source "ChessBase"]
[SourceDate "1999.11.16"]
[SourceVersion "1"]
[SourceVersionDate "1999.11.16"]
[SourceQuality "1"]

1. d4 d5 2. Bg5 Nf6 3. e3 e6 4. Bd3 Be7 5. f4 Ne4 6. Bxe7 Qxe7 7. Nf3 Qb4+ 8. c3 Qxb2 9. Bxe4 dxe4 10. Nfd2 Bd7 11. 0-0 Qxa1 12. Qc2 0-0 13. Nxe4 Bb5 14. Ng5 g6 15. c4 Bxc4 16. Qxc4 Qb2 17. Nc3 Qd2 18. Nd1 Nc6 19. h4 Qb4 20. Qc2 h6 21. Ne4 Qe7 22. h5 f5 23. Nc5 b6 24. Na6 Nb8 25. Qxc7 Re8 26. Qxe7 Rxe7 27. Nb4 gxh5 28. Nc3 a5 29. Nd3 Nc6 30. Rb1 Nb4 31. Ne5 Rc8 32. Rb3 Rec7 33. Na4 Rc1+ 34. Kh2 Rb8 35. Nd7 Rb7 36. Ndxb6 Rc6 37. a3 Nc2 38. Kg3 Nxe3 39. Rxe3 Rbxb6 40. Nxb6 Rxb6 41. Re5 a4 42. Kh4 Kf7 43. d5 exd5 44. Rxd5 Rb3 45. Rxf5+ Kg6 46. Ra5 Rxa3 47. f5+ Kf6 48. Kxh5 Ra1 49. Kg4 a3 50. Ra6+ Kg7 51. Ra7+ Kf8 52. Kh5 a2 53. Kg6 Rb1 54. Rxa2 Rb6+ 55. f6 Rb8 56. Ra7 1-0

[Event "Portoroz op"]
[Site "Portoroz"]
[Date "1997.??.??"]
[Round "?"]
[White "Gaspar, Zoltan"]
[Black "Brezovar, Matjaz"]
[Result "0-1"]
[WhiteElo "2205"]
[BlackElo "2185"]
[PlyCount "81"]
[EventDate "1997.04.??"]
[EventType "swiss"]
[EventRounds "9"]
[EventCountry "SLO"]
[SourceTitle "EXT 1999"]
[Source "ChessBase"]
[SourceDate "1998.11.16"]
[SourceVersion "1"]
[SourceVersionDate "1998.11.16"]
[SourceQuality "1"]

1. d4 f5 2. Nf3 Nf6 3. e3 g6 4. Be2 Bg7 5. c4 0-0 6. Nc3 d6 7. Rb1 c6 8. 0-0 Ne4 9. Nd2 Nxc3 10. bxc3 Qc7 11. Nf3 c5 12. Qb3 Nc6 13. Bd3 e5 14. Be2 h6 15. Qc2 Kh7 16. Rd1 b6 17. Bb2 Na5 18. Ba1 Be6 19. Nd2 Rac8 20. d5 Bd7 21. a4 Qd8 22. e4 Qe8 23. Rb5 f4 24. f3 h5 25. Rdb1 g5 26. Bd1 g4 27. Qa2 Bxb5 28. axb5 Qg6 29. Be2 Ra8 30. Nb3 Nb7 31. Qc2 Rg8 32. Rb2 Bh6 33. Ra2 Rg7 34. Bd1 Nd8 35. Bb2 Nf7 36. Qe2 gxf3 37. Qxf3 Ng5 38. Qd3 f3 39. Bxf3 Nxf3+ 40. Qxf3 Rf8 41. Qd3 0-1